| Tag |
First Indicator |
Second Indicator |
Subfields |
| LEADER |
00000cam a2200000Ia 4500 |
| 001 |
in00002013713 |
| 005 |
20151031143451.0 |
| 008 |
041027s2004 dcu ad b 100 0 eng d |
| 020 |
|
|
|a 0309094607
|
| 035 |
|
|
|a (OCoLC)ocm56827654
|
| 040 |
|
|
|a TRL
|c TRL
|d TXA
|d UtOrBLW
|
| 049 |
|
|
|a TXAM
|
| 090 |
|
|
|a TE7
|b .H5 no.1866
|
| 245 |
0 |
0 |
|a Maintenance and management of pavement and structures.
|
| 264 |
|
1 |
|a Washington, D.C. :
|b Transportation Research Board, National Academy of Sciences,
|c 2004.
|
| 300 |
|
|
|a vii, 91 pages :
|b illustrations, charts ;
|c 28 cm.
|
| 336 |
|
|
|a text
|b txt
|2 rdacontent
|
| 337 |
|
|
|a unmediated
|b n
|2 rdamedia
|
| 338 |
|
|
|a volume
|b nc
|2 rdacarrier
|
| 490 |
1 |
|
|a Transportation research record,
|x 0361-1981 ;
|v no. 1866
|
| 500 |
|
|
|a "A peer-reviewed publication of the Transportation Research Board."
|
| 504 |
|
|
|a Includes bibliographical references.
|
| 650 |
|
0 |
|a Pavements
|x Maintenance and repair.
|
| 650 |
|
0 |
|a Bridges
|x Maintenance and repair.
|
| 650 |
|
0 |
|a Roads
|x Maintenance and repair.
|
| 710 |
2 |
|
|a National Research Council (U.S.).
|b Transportation Research Board.
|
| 710 |
2 |
|
|a National Research Council (U.S.).
|b Transportation Research Board.
|b Annual Meeting
|n (83rd :
|d 2004 :
|c Washington, D.C.)
|
| 830 |
|
0 |
|a Transportation research record ;
|v 1866.
|
| 994 |
|
|
|a C0
|b TXA
|
| 948 |
|
|
|a cataloged
|b h
|c 2004/11/22
|d c
|e blrosas
|f 12:29:52 pm
|
| 999 |
|
|
|a MARS
|
| 999 |
f |
f |
|s 6c6101b0-44c4-374b-91af-62331f635166
|i 9785e3a4-a8f2-3378-b92b-29f4eb5b2469
|t 0
|
| 952 |
f |
f |
|p ric
|a Texas A&M University
|b Rellis Campus
|c Joint Library Facility
|d Remote Storage
|t 0
|e TE7 .H5 no.1866
|h Library of Congress classification
|i unmediated -- volume
|m A14831604486
|
| 998 |
f |
f |
|a TE7 .H5 no.1866
|t 0
|l Remote Storage
|